LIBRARY & INFORMATION CENTRE, KCAET, TAVANUR

ONLINE PUBLIC ACCESS CATALOGUE (OPAC)

Development and evaluation of a potato slicer (Record no. 14942)

MARC details
000 -LEADER
fixed length control field 00629nam a22001817a 4500
003 - CONTROL NUMBER IDENTIFIER
control field OSt
088 ## - REPORT NUMBER
Report number P 171
100 ## - MAIN ENTRY--AUTHOR NAME
Personal name DAYANA PAUL
-- RAJESH MOHANAN
-- SIMI POULOSE
245 ## - TITLE STATEMENT
Title Development and evaluation of a potato slicer
260 ## - PUBLICATION, DISTRIBUTION, ETC. (IMPRINT)
Place of publication Tavanur 2007
Name of publisher Kelappaji College of Agricultural Engineering and Technology
300 ## - PHYSICAL DESCRIPTION
Number of Pages 45
500 ## - GENERAL NOTE
General note Development and evaluation of a potato slicer
520 ## - SUMMARY, ETC.
Summary, etc Development and evaluation of a potato slicer
700 ## - ADDED ENTRY--PERSONAL NAME
Personal name Er. Prince M.V (Gudie)
856 ## - ELECTRONIC LOCATION AND ACCESS
Uniform Resource Identifier https://drive.google.com/open?id=17dx1fiiJQ0NPlYgJCTirrZk9vxRdtpdH
942 ## - ADDED ENTRY ELEMENTS (KOHA)
Koha item type Project Report
Holdings
Collection code Home library Current library Shelving location Full call number Accession Number Koha item type
Reference KAUAET KAUAET Reference 631.3 PAU/DE P 171 Project Report
free website counter